<?xml version="1.0" encoding="UTF-8"?>
<record
    xmlns:xsi="http://www.w3.org/2001/XMLSchema-instance"
    xsi:schemaLocation="http://www.loc.gov/MARC21/slim http://www.loc.gov/standards/marcxml/schema/MARC21slim.xsd"
    xmlns="http://www.loc.gov/MARC21/slim">

  <leader>00655nam a2200181Ia 4500</leader>
  <controlfield tag="008">100920s9999    xx            000 0 und d</controlfield>
  <datafield tag="082" ind1=" " ind2=" ">
    <subfield code="b">88066</subfield>
    <subfield code="a">200 &#x925; 32</subfield>
  </datafield>
  <datafield tag="100" ind1=" " ind2=" ">
    <subfield code="a">&#x938;&#x93E;&#x924;&#x935;&#x933;&#x947;&#x915;&#x930; &#x936;&#x94D;&#x930;&#x940;&#x92A;&#x93E;&#x926; &#x926;&#x93E;&#x92E;&#x94B;&#x926;&#x930;.</subfield>
  </datafield>
  <datafield tag="245" ind1=" " ind2=" ">
    <subfield code="a">&#x938;&#x942;&#x930;&#x94D;&#x92F;&#x92D;&#x947;&#x926;&#x928; -&#x935;&#x94D;&#x92F;&#x93E;&#x92F;&#x92E;.</subfield>
  </datafield>
  <datafield tag="260" ind1=" " ind2=" ">
    <subfield code="b">&#x938;&#x94D;&#x935;&#x93E;&#x927;&#x94D;&#x92F;&#x93E;&#x92F; &#x92E;&#x902;&#x921;&#x932; &#x905;&#x948;&#x902;&#x93E;&#x927;.</subfield>
    <subfield code="c">1932</subfield>
  </datafield>
  <datafield tag="300" ind1=" " ind2=" ">
    <subfield code="a">64</subfield>
    <subfield code="b">&#x938;&#x93E;&#x927;&#x940;</subfield>
  </datafield>
  <datafield tag="365" ind1=" " ind2=" ">
    <subfield code="b">0.25</subfield>
  </datafield>
  <datafield tag="520" ind1=" " ind2=" ">
    <subfield code="a">&#x927;&#x93E;&#x930;&#x94D;&#x92E;&#x93F;&#x915;.</subfield>
  </datafield>
  <datafield tag="630" ind1=" " ind2=" ">
    <subfield code="a">&#x938;&#x942;&#x930;&#x94D;&#x92F;&#x92D;&#x947;&#x926;&#x928; -&#x935;&#x94D;&#x92F;&#x93E;&#x92F;&#x92E;.</subfield>
  </datafield>
  <datafield tag="650" ind1=" " ind2=" ">
    <subfield code="a">&#x927;&#x93E;&#x930;&#x94D;&#x92E;&#x93F;&#x915;.</subfield>
  </datafield>
  <datafield tag="730" ind1=" " ind2=" ">
    <subfield code="a">&#x938;&#x942;&#x930;&#x94D;&#x92F;&#x92D;&#x947;&#x926;&#x928; -&#x935;&#x94D;&#x92F;&#x93E;&#x92F;&#x92E;.</subfield>
  </datafield>
  <datafield tag="942" ind1=" " ind2=" ">
    <subfield code="c">BOOK</subfield>
  </datafield>
  <datafield tag="999" ind1=" " ind2=" ">
    <subfield code="c">728573</subfield>
    <subfield code="d">728570</subfield>
  </datafield>
  <datafield tag="952" ind1=" " ind2=" ">
    <subfield code="0">0</subfield>
    <subfield code="1">0</subfield>
    <subfield code="4">0</subfield>
    <subfield code="7">0</subfield>
    <subfield code="a">SATVAC</subfield>
    <subfield code="b">SATVAC</subfield>
    <subfield code="c">200 &#x925; 32</subfield>
    <subfield code="d">0000-00-00</subfield>
    <subfield code="g">0.25</subfield>
    <subfield code="l">0</subfield>
    <subfield code="p">SATVAC-88066</subfield>
    <subfield code="r">2010-09-20 00:00:00</subfield>
    <subfield code="w">2010-09-20</subfield>
    <subfield code="y">BOOK</subfield>
    <subfield code="z">&#x926;&#x947;&#x935;&#x918;&#x947;&#x935;</subfield>
  </datafield>
</record>
